00778 2200277 4500001002100000005001500021035002500036008000400061020001800065082001700083090001900100100002900119245012900148250003400277260003400311300002500345650003100370700001600401700001200417850001200429007000300441040001200444041000800456990001800464990001800482YOGYA-0411000000179320190725104622 a0010-041100000001793ind a979-963-952-2 223a297.1202 a297.1202 ABD m0 aAbdullah, Muhammad Ahmad1 aMetode Cepat dan efektif menghafal Al-Qur an Al- Karim /cMuhammad Ahmad Abdullah; alih bahasa, Rahim Seksa; editor, Haryono aCetakan pertama, Oktober 20093 aYogyakarta :bGarailmu,c2009 a409 halaman ;c20 cm 4aAl-Qur an - Metode membaca0 aRahem Seksa0 aHaryono aYOPDYOGta aYOPDYOG0 aind a51230-PD/B.10 a51229-PD/B.10